TOP 2008. Technika ochrany prostredia : Zborník prednášok zo 14. ročníka medzinárodnej konferencie. Častá Papiernička, 25.-27.6. 2008

Guardado en:
Detalles Bibliográficos
Otros Autores: Horvát, Miroslav, 1973- (Editor), Ploskuňáková, Lucia, 1983- (Editor)
Formato: Libro
Lenguaje:lenguas múltiples
Publicado: Bratislava : STU v Bratislave, 2008
Edición:1. vyd.
Materias:
Etiquetas: Agregar Etiqueta
Sin Etiquetas, Sea el primero en etiquetar este registro!

MARC

LEADER 00000nam a22000003a 4500
001 stu166115
005 20251110110411.6
008 080630s2008------------------------mul-d
020 |a 978-80-227-2896-6 
040 |a STU  |b slo 
041 0 |a mul 
100 1 |a Horvát, Miroslav,  |d 1973-  |4 edt  |u J0070  |U SjF Strojnícka fakulta  |T SjF Ústav výrobných systémov, enviromentálnej techniky a manažment kvality  |X 2298  |U J0070  |Y 804  |7 A000002298 
242 0 0 |a Top 2008. Engineering of environment protection  |y eng  |b Proceedings of the 14th year of international conference. Častá Papiernička, Jun 25-27, 2008 
245 1 |a TOP 2008. Technika ochrany prostredia :  |b Zborník prednášok zo 14. ročníka medzinárodnej konferencie. Častá Papiernička, 25.-27.6. 2008 
250 |a 1. vyd. 
260 |a Bratislava :  |b STU v Bratislave,  |c 2008 
300 |a 614 s 
650 7 |a Ochrana prostredia  |2 stusub 
700 1 |a Ploskuňáková, Lucia,  |d 1983-  |4 edt  |u J0070  |U SjF Strojnícka fakulta  |T SjF Ústav výrobných systémov, enviromentálnej techniky a manažment kvality  |X 21788  |U J0070  |Y 804  |7 A000021788 
996 |b 284M068754  |c M*Z-3344  |l MMKN  |s A  |a 24  |w stu166115_0001 
996 |b 284M068755  |c M*Z-3345  |l MMKN  |s A  |a 24  |w stu166115_0002